Identification of remote objects by means of scatterometry data and application to pisgah crater

Gardado en:
Detalles Bibliográficos
Autor Principal: Dalke, G, W
Formato: Libro
Idioma:English
Publicado: 1967
Etiquetas: Engadir etiqueta
Sen Etiquetas, Sexa o primeiro en etiquetar este rexistro!

MARC

LEADER 00000nam a2200000Ia 4500
003 MV0052
005 20221231144004.0
008 140114s1967 txua 000 ||eng d
040 |c cru CEDI 
090 |a MV 52 
100 |a Dalke, G, W  |9 21462 
245 |a Identification of remote objects by means of scatterometry data and application to pisgah crater  
260 |c 1967 
300 |a 23 páginas 
500 |a CRES Report 61-17 of the Center for Research Inc.. The University of Kansas Science División. Lawrence,Kansas, NASA contract NSR 17-004.003 
942 |2 ddc  |c MX 
999 |c 15239  |d 15239